000 00473nam a2200181Ia 4500
001 23757
005 20260414150958.0
008 260414t2010||||xx |||||||||||||| ||spa||
041 _aESP
082 _a704.9482
_bG347G
100 _aGisbert C., Teresa
_eAUT
245 0 _aLos grabados, el juicio final y la idolatría indígena en el mundo andino
_b
260 _c2010
300 _a13 hojas :
_c28 cm.
650 _aABD
654 _aCAU
942 _cLIB
_dJUS
_fJUS
_2ddc
_n
999 _c23757
_d23757